[Event "La Roda op 33rd"]
[Site "La Roda"]
[Date "2006.04.15"]
[Round "7"]
[White "Sanchez, Manuel"]
[Black "Garcia Cardenas, Pablo"]
[Result "0-1"]
[WhiteElo "2015"]
[BlackElo "2309"]
[PlyCount "90"]
[EventDate "2006.04.12"]
[EventType "swiss"]
[EventRounds "9"]
[EventCountry "ESP"]
[SourceTitle "CBM 111 Extra"]
[Source "ChessBase"]
[SourceDate "2006.05.09"]
[SourceVersion "1"]
[SourceVersionDate "2006.05.09"]
[SourceQuality "1"]

1. b3 d6 2. Bb2 Nd7 3. e3 Ngf6 4. c4 g6 5. Be2 Bg7 6. Nc3 e5 7. Qc2 c6 8. d4 0-0 9. Nf3 Re8 10. dxe5 dxe5 11. e4 Nh5 12. g3 Nc5 13. Rd1 Qf6 14. 0-0 Bh3 15. Rfe1 a5 16. Nb1 Qe7 17. Ba3 Bf8 18. Qc1 Bc8 19. Nh4 Ng7 20. Qe3 b6 21. Rd2 Qc7 22. Bf1 Be7 23. Bg2 Nge6 24. Nf3 Bb7 25. Bb2 f6 26. a3 Rad8 27. Bh3 Rxd2 28. Nbxd2 Bc8 29. b4 axb4 30. axb4 Na6 31. b5 Nb4 32. Rc1 Rd8 33. Bf1 Bc5 34. Qb3 Qd6 35. Ba3 g5 36. h3 h5 37. g4 hxg4 38. hxg4 Nd4 39. Nxd4 Qxd4 40. Qf3 Qxd2 41. Qxf6 Rd6 42. Qf3 Kg7 43. Qg3 Rf6 44. Qxe5 Qxf2+ 45. Kh1 Qg1# 0-1